Current good practices and new developments in public service management: a profile of the public service of Zimbabwe (Record no. 482308)

000 -LEADER
fixed length control field 00754cam a22001937a 4500
008 - FIXED-LENGTH DATA ELEMENTS--GENERAL INFORMATION
fixed length control field 180718b1997 xxu||||| |||| 00| 0 eng d
020 ## - INTERNATIONAL STANDARD BOOK NUMBER
International Standard Book Number 0850924960
082 ## - DEWEY DECIMAL CLASSIFICATION NUMBER
Classification number K12x6893 C737
245 ## - TITLE STATEMENT
Title Current good practices and new developments in public service management: a profile of the public service of Zimbabwe
Statement of responsibility, etc. by Commonwealth Secretariat
260 ## - PUBLICATION, DISTRIBUTION, ETC.
Place of publication, distribution, etc. London
Name of publisher, distributor, etc. Commonwealth Secretariat
Date of publication, distribution, etc. 1997
300 ## - PHYSICAL DESCRIPTION
Extent 70p.
440 ## - SERIES STATEMENT/ADDED ENTRY--TITLE
Title The public policy country profile series: no. 7
650 ## - SUBJECT ADDED ENTRY--TOPICAL TERM
Topical term or geographic name entry element Management by objectives
650 ## - SUBJECT ADDED ENTRY--TOPICAL TERM
Topical term or geographic name entry element Public utilities - Zimbabwe
650 ## - SUBJECT ADDED ENTRY--TOPICAL TERM
Topical term or geographic name entry element Country service - Zimbabwe
650 ## - SUBJECT ADDED ENTRY--TOPICAL TERM
Topical term or geographic name entry element Management - Employee participation
650 ## - SUBJECT ADDED ENTRY--TOPICAL TERM
Topical term or geographic name entry element Civil service - Personnel management - Zimbabwe
700 ## - ADDED ENTRY--PERSONAL NAME
Personal name Commonwealth Secretariat
Holdings
Withdrawn status Lost status Damaged status Not for loan Permanent Location Current Location Date acquired Full call number Barcode Date last seen Price effective from Koha item type
        Indian Institute of Public Administration Indian Institute of Public Administration 2018-08-04 K12x6893 C737 GR14513 2018-08-04 2018-08-04 GR

Powered by Koha